00498nam a2200181Ia 450000500170000000800410001702000140005804000190007204100120009108200130010310000140011624500790013026000450020930000180025465000200027270000140029285000100030620240415091733.0131103s9999 xx 000 0 und d a435284711 aLoreto College aEnglish a425bJUP aJupp, T C aEncounters with animalscT C Jupp, J Milne, P Prowse and J Garton-Sprenger aLondonbHeinmann Educational Booksc1979 a40p.b illus. aEnglish grammar aMilne, J  aLCBED